European Countries In The Top 50 Biggest GDPs - Statistics

General Stats
  • This quiz has been taken 75 times
  • The average score is 17 of 18
Answer Stats
GDP Rank Answer % Correct
589,4 B 26 Belgium
100%
3,1 T 6 France
100%
4,0 T 4 Germany
100%
2,9 T 7 United Kingdom
100%
1,8 T 10 Italy
98%
990,5 B 19 Netherlands
98%
504,7 B 30 Norway
98%
716,2 B 23 Poland
98%
2,1 T 9 Russia
98%
1,3 T 16 Spain
98%
603,9 B 25 Sweden
98%
468,0 B 34 Austria
95%
386,4 B 41 Denmark
95%
807,4 B 22 Switzerland
95%
295,6 B 47 Czech Republic
94%
281,4 B 49 Finland
94%
519,8 B 29 Ireland
92%
299,8 B 46 Romania
86%
No matching quizzes found
Score Distribution
Percent of People with Each Score
Percentile by Number Answered
Your Score History
You have not taken this quiz